Vida de San Francisco de Asís 1182-1226

Uloženo v:
Podrobná bibliografie
Hlavní autor: Cherance, Leopoldo de (Autor)
Médium: Kniha
Jazyk:španělština
Vydáno: Madrid Est. Tipográfico de los Sucesoresde Rivadeneyra 1883
Témata:
Tagy: Přidat tag
Žádné tagy, Buďte první, kdo vytvoří štítek k tomuto záznamu!

MARC

LEADER 00000nam a2200000 a 4500
001 UCI5096
003 CL-VaPUC
008 080314e18830000SP |||||||||||||||||spa|d
082 0 4 |a 922.22  |b CHE  |2 21 
100 |a Cherance, Leopoldo de  |e author  |9 529658 
245 1 0 |a Vida de San Francisco de Asís 1182-1226 
300 |a 523 p 
942 |c BK 
945 |d 20080314 00:00:00  |a rbrito 
260 |a Madrid  |b Est. Tipográfico de los Sucesoresde Rivadeneyra  |c 1883 
600 0 7 |a SAN FRANCISCO DE ASIS  |2 CL-VaPUC  |9 342281 
650 0 |a Biografías  |9 255210 
650 7 |a SANTO  |2 CL-VaPUC  |9 526878 
650 0 |a Vida religiosa  |9 257284 
583 |a last modification  |c 20080314 00:00:00  |k Rodrigo Vera 
999 |c 328859  |d 328857 
952 |0 0  |1 0  |4 0  |6 922_220000000000000_CHE_1883  |7 0  |8 X  |9 413040  |a FDOBUD  |b FDOBUD  |d 2019-11-22  |i 4411439  |o 922.22 CHE 1883  |p 4411439  |r 2019-11-22  |w 2019-11-22  |y BK_X  |k BUD